[Event "ESTCC U65 2018"]
[Site "Walbrzych"]
[Date "2018.04.16"]
[Round "3"]
[White "Marks, Ian A"]
[Black "Carlsten, Peter"]
[Result "1/2-1/2"]
[WhiteElo "1895"]
[BlackElo "2010"]
[Annotator "NA RC"]
[PlyCount "46"]
[EventDate "2018.??.??"]
[EventCountry "POL"]
[SourceTitle "playchess.com"]
[Source "ChessBase"]
[SourceQuality "1"]
[WhiteTeam "Scotland"]
[BlackTeam "Sweden"]
[WhiteTeamCountry "SCO"]
[BlackTeamCountry "SWE"]
[TimeControl "40/5400+30:1800+30"]

1. d4 {[%emt 0:00:11]} d6 {[%emt 0:00:00]} 2. e4 {[%emt 0:00:10]} Nf6 {[%emt 0:00:07]} 3. Nc3 {[%emt 0:00:30]} e5 {[%emt 0:00:05]} 4. Nf3 {[%emt 0:00:27]} Nbd7 {[%emt 0:00:11]} 5. Bc4 {[%emt 0:00:24]} Be7 {[%emt 0:00:05]} 6. O-O {[%emt 0:00:16]} O-O {[%emt 0:00:08]} 7. Re1 {[%emt 0:01:38]} c6 {[%emt 0:00:22]} 8. a4 {[%emt 0:00:08]} b6 {[%emt 0:02:34]} 9. b3 {[%emt 0:01:54]} a6 {[%emt 0:00:23]} 10. Bb2 {[%emt 0:01:07]} Bb7 {[%emt 0:01:33] LiveBook: 230 Games} 11. Bf1 {[%emt 0:08:56] C41: Philidor Defence} Qc7 {[%emt 0:02:26]} 12. Ba3 {[%emt 0:03:40]} ({Predecessor:} 12. Qd2 Rad8 13. Rad1 Rfe8 14. Qc1 Bf8 15. Ba3 b5 16. dxe5 dxe5 17. Bxf8 Nxf8 18. Rxd8 Rxd8 {0-1 (34) Sharafiev,A (2420)-Movsesian,S (2659) Minsk 2015}) 12... Rfe8 {[%emt 0:01:00]} 13. dxe5 {[%emt 0:07:30]} dxe5 {[%emt 0:00:40]} 14. Bxe7 {[%emt 0:00:31]} Rxe7 15. Qd2 {[%emt 0:03:04]} b5 {[%emt 0:09:00]} 16. Nh4 {[%emt 0:04:46]} Nc5 {[%emt 0:11:28]} 17. Nf5 {[%emt 0:05:21]} Rd7 {[%emt 0:00:32]} 18. Qg5 {[%emt 0:05:07]} Ne6 {[%emt 0:00:40]} 19. Qh4 {[%emt 0:01:59]} Nf4 {[%emt 0:15:24]} 20. Qg5 {[%emt 0:04:37]} Ne6 {[%emt 0:01:06]} 21. Qh4 {[%emt 0:00:23]} Nf4 {[%emt 0:00:37]} 22. Qg5 {[%emt 0:00:09]} Ne6 {[%emt 0:00:04]} 23. Qh4 $11 {[%emt 0:00:10]} Nf4 {[%emt 0:00:20]} 1/2-1/2

[Event "ESTCC U65 2018"]
[Site "Walbrzych"]
[Date "2018.04.16"]
[Round "3"]
[White "Karppinen, Martti"]
[Black "Wademark, Helge"]
[Result "0-1"]
[WhiteElo "1894"]
[BlackElo "2005"]
[Annotator "NA RC"]
[PlyCount "108"]
[EventDate "2018.??.??"]
[EventCountry "POL"]
[SourceTitle "playchess.com"]
[Source "ChessBase"]
[SourceQuality "1"]
[WhiteTeam "Finland"]
[BlackTeam "Sweden"]
[WhiteTeamCountry "FIN"]
[BlackTeamCountry "SWE"]
[TimeControl "40/5400+30:1800+30"]

1. d4 f5 2. c4 Nf6 3. g3 g6 4. Bg2 Bg7 5. Nf3 d6 6. O-O O-O 7. Qb3 c6 8. Nc3 Kh8 9. h4 $146 {A88: Dutch Defence: Leningrad System: 5 Nf3 0-0 6 0-0 d6 7 Nc3 c6} ({Predecessor:} 9. Rd1 Na6 10. Qa3 Nc7 11. d5 Bd7 12. dxc6 Bxc6 13. Be3 b6 14. Rac1 Qe8 15. b4 Ng4 16. Bd2 Ne5 17. Nxe5 Bxe5 {½-½ (57) Bacrot,E (2702)-Svidler,P (2762) Porto Vecchio 2016}) 9... Qc7 10. Ng5 e5 11. dxe5 dxe5 12. Qc2 h6 13. Nh3 Be6 14. b3 Nbd7 15. Ba3 Rf7 16. Rad1 Qa5 17. Bb2 Raf8 18. Rd6 Re8 19. Bc1 Bf8 20. Rdd1 Nh5 21. Bd2 Qc7 22. Bc1 Kh7 $17 23. Bf3 Ndf6 24. Bg2 Qc8 25. Kh2 Ng4+ 26. Kg1 Qc7 27. Qd2 e4 28. Nf4 e3 29. fxe3 Nxg3 30. Rf3 Ne4 31. Nxe4 fxe4 32. Rh3 Bf5 33. Qc3 Bg7 34. Qd2 Rd7 35. Qc2 Rxd1+ 36. Qxd1 Rd8 37. Qe1 Qd6 38. Bf1 Qd1 39. Qxd1 Rxd1 40. Ba3 Ra1 41. Bc5 Rxa2 42. Rg3 b6 43. Bd4 Ra3 44. Bg2 h5 45. Nh3 Rxb3 46. Ng5+ Kg8 47. Bxg7 Kxg7 48. Bxe4 Bxe4 49. Nxe4 Rxe3 50. Rxe3 Nxe3 51. Nd6 a5 52. Kf2 Nf5 53. c5 Nxd6 54. cxd6 Kf7 0-1

[Event "ESTCC U65 2018"]
[Site "Walbrzych"]
[Date "2018.04.16"]
[Round "3"]
[White "Patola, Eero"]
[Black "Lehtosaari, Kalevi"]
[Result "1/2-1/2"]
[WhiteElo "1823"]
[BlackElo "1964"]
[Annotator "NA RC"]
[PlyCount "70"]
[EventDate "2018.??.??"]
[EventCountry "POL"]
[SourceTitle "playchess.com"]
[Source "ChessBase"]
[SourceQuality "1"]
[WhiteTeam "Finland"]
[BlackTeam "Finland"]
[WhiteTeamCountry "FIN"]
[BlackTeamCountry "FIN"]
[TimeControl "40/5400+30:1800+30"]

1. c4 {[%emt 0:04:38]} c5 {[%emt 0:01:35]} 2. Nc3 {[%emt 0:00:46]} Nc6 {[%emt 0:00:09]} 3. g3 {[%emt 0:00:16]} g6 {[%emt 0:00:09]} 4. Bg2 {[%emt 0:00:12]} Bg7 {[%emt 0:00:07]} 5. e4 {[%emt 0:00:22]} Nf6 {[%emt 0:01:09]} 6. Nge2 {[%emt 0:00:28]} O-O {[%emt 0:00:22]} 7. O-O {[%emt 0:00:17]} d6 {[%emt 0:01:30]} 8. d3 {[%emt 0:00:30]} e6 {[%emt 0:00:52]} 9. f4 {[%emt 0:05:42] A36: Symmetrical English vs ...g6: 4 Bg2 Bg7} Ng4 {[%emt 0:04:00]} (9... Rb8 10. h3 a6 11. Be3 Qc7 {0-1 (63) Tomaszewski,R (2296)-Cukrowski,F (2367) Poronin 2016}) 10. h3 {[%emt 0:02:37]} Nh6 $146 {[%emt 0:01:29]} ({Predecessor:} 10... Bd4+ 11. Nxd4 cxd4 12. hxg4 dxc3 13. bxc3 f6 14. Be3 h6 15. Qd2 g5 {0-1 (47) Howard,P (1448)-Reeves,N (1715) Dos Hermanas 2004}) 11. g4 {[%emt 0:00:50]} f5 {[%emt 0:00:34]} 12. exf5 {[%emt 0:01:28]} gxf5 {[%emt 0:01:03]} 13. g5 {[%emt 0:00:42]} Nf7 {[%emt 0:00:42]} 14. Be3 {[%emt 0:07:24]} Nd4 {[%emt 0:04:45]} 15. Ng3 {[%emt 0:03:32]} Bd7 {[%emt 0:01:31]} 16. Nce2 {[%emt 0:04:31]} Bc6 {[%emt 0:00:55]} 17. Nxd4 {[%emt 0:03:56]} cxd4 {[%emt 0:00:36]} 18. Bf2 {[%emt 0:01:46]} Qd7 {[%emt 0:15:07]} 19. h4 {[%emt 0:09:15]} Bxg2 {[%emt 0:00:50]} 20. Kxg2 {[%emt 0:00:12]} e5 {[%emt 0:00:18]} 21. Nh5 {[%emt 0:02:06]} Nd8 {[%emt 0:06:37]} 22. Qf3 {[%emt 0:04:00]} Qc6 {[%emt 0:07:09]} 23. Qxc6 {[%emt 0:08:55]} Nxc6 {[%emt 0:01:39]} 24. Nxg7 {[%emt 0:00:24]} Kxg7 {[%emt 0:00:02]} 25. Bg3 {[%emt 0:02:31]} Rae8 $11 {[%emt 0:01:24]} 26. a3 {[%emt 0:02:41]} e4 {[%emt 0:00:54]} 27. dxe4 {[%emt 0:00:32]} Rxe4 {[%emt 0:01:01]} 28. Rad1 {[%emt 0:01:28]} Na5 {[%emt 0:00:36]} 29. Bf2 {[%emt 0:02:25]} Nxc4 {[%emt 0:00:26]} 30. Rxd4 {[%emt 0:03:05]} Rfe8 {[%emt 0:06:58]} 31. Rc1 {[%emt 0:01:10]} Ne3+ {[%emt 0:00:30]} 32. Bxe3 {[%emt 0:01:28]} Rxe3 {[%emt 0:00:02]} 33. Rxd6 {[%emt 0:06:08]} R8e7 {[%emt 0:04:06]} 34. h5 {[%emt 0:01:47]} Re2+ {[%emt 0:00:28]} 35. Kf1 {[%emt 0:00:44]} Rxb2 {[%emt 0:04:34]} 1/2-1/2

[Event "ESTCC U65 2018"]
[Site "Walbrzych"]
[Date "2018.04.16"]
[Round "3"]
[White "Andersson, Kenneth"]
[Black "Andersson, Finn"]
[Result "0-1"]
[WhiteElo "1763"]
[BlackElo "1719"]
[Annotator "NA RC"]
[PlyCount "110"]
[EventDate "2018.??.??"]
[EventCountry "POL"]
[SourceTitle "playchess.com"]
[Source "ChessBase"]
[SourceQuality "1"]
[WhiteTeam "Sweden"]
[BlackTeam "Denmark"]
[WhiteTeamCountry "SWE"]
[BlackTeamCountry "DEN"]
[TimeControl "40/5400+30:1800+30"]

1. Nf3 {[%emt 0:00:00]} c5 {[%emt 0:00:24]} 2. e4 {[%emt 0:00:08]} Nc6 {[%emt 0:00:10]} 3. c4 {[%emt 0:01:46]} g6 {[%emt 0:00:25]} 4. Nc3 {[%emt 0:00:33]} Bg7 {[%emt 0:00:09]} 5. d3 {[%emt 0:00:47]} d6 {[%emt 0:02:48]} 6. Bf4 {[%emt 0:02:28]} a6 {[%emt 0:05:35]} 7. a4 {[%emt 0:01:21]} Nf6 {[%emt 0:11:55]} 8. Be2 {[%emt 0:00:27]} O-O {[%emt 0:00:22]} 9. O-O {[%emt 0:00:16]} Nh5 {[%emt 0:05:54]} 10. Bd2 {[%emt 0:01:25]} Bg4 {[%emt 0:06:40]} 11. Rb1 {[%emt 0:00:34]} Bxf3 {[%emt 0:07:10]} 12. Bxf3 {[%emt 0:00:14]} Nf6 {[%emt 0:00:07]} 13. Nd5 {[%emt 0:04:13]} e6 {[%emt 0:02:51]} 14. Nxf6+ {[%emt 0:00:44]} Bxf6 {[%emt 0:05:15]} 15. Bc3 {[%emt 0:05:29]} Rb8 {[%emt 0:02:49]} 16. Bg4 {[%emt 0:04:12]} b5 {[%emt 0:13:17]} 17. axb5 axb5 18. Bxf6 {[%emt 0:04:24]} Qxf6 {[%emt 0:00:32]} 19. b3 {[%emt 0:00:30]} b4 {[%emt 0:00:53]} 20. f4 {[%emt 0:01:21]} Qd4+ {[%emt 0:04:04]} 21. Kh1 {[%emt 0:00:04]} Ra8 {[%emt 0:04:00]} 22. h3 {[%emt 0:16:30]} Ra2 {[%emt 0:00:40]} 23. Bf3 {[%emt 0:04:22]} Ne7 {[%emt 0:05:27]} 24. Re1 {[%emt 0:04:35]} Rfa8 {[%emt 0:00:44]} 25. Re2 {[%emt 0:01:24]} Qf6 {[%emt 0:01:50]} 26. e5 {[%emt 0:00:49]} Qxf4 {[%emt 0:02:40]} 27. Bxa8 Rxa8 28. Qf1 {[%emt 0:02:28]} dxe5 {[%emt 0:03:30]} 29. Qxf4 {[%emt 0:01:02]} exf4 {[%emt 0:00:05]} 30. Rf1 {[%emt 0:00:42]} Nf5 {[%emt 0:00:21]} 31. Re5 {[%emt 0:03:54]} Ng3+ {[%emt 0:01:47]} 32. Kg1 {[%emt 0:00:03]} Nxf1 {[%emt 0:00:11]} 33. Kxf1 {[%emt 0:00:27]} Ra3 {[%emt 0:00:20]} 34. Rxc5 {[%emt 0:01:38]} Rxb3 {[%emt 0:00:14]} 35. Ke2 {[%emt 0:01:11]} Kg7 {[%emt 0:05:09]} 36. Rb5 Kf6 37. c5 {[%emt 0:02:32]} Ke5 {[%emt 0:05:44]} 38. c6+ {[%emt 0:03:03]} Kd6 {[%emt 0:00:07]} 39. Rb6 {[%emt 0:00:54]} Rc3 {[%emt 0:03:51]} 40. Rxb4 {[%emt 0:00:57]} e5 {[%emt 0:31:08]} 41. d4 {[%emt 0:31:30]} e4 42. Rb7 f5 {[%emt 0:00:00]} 43. Rxh7 Rxc6 44. Rg7 {[%emt 0:05:43]} Kd5 {[%emt 0:00:00]} 45. Rd7+ {[%emt 0:01:29]} Rd6 {[%emt 0:00:00]} 46. Ra7 {[%emt 0:02:11]} Kxd4 {[%emt 0:00:00]} 47. Ra3 Rb6 48. Ra2 {[%emt 0:04:31]} Kc3 {[%emt 0:00:00]} 49. Ra3+ {[%emt 0:01:11]} Rb3 {[%emt 0:00:00]} 50. Ra6 {[%emt 0:00:24]} Rb2+ {[%emt 0:00:00]} 51. Kf1 {[%emt 0:00:26]} Rb1+ {[%emt 0:00:00]} 52. Ke2 {[%emt 0:00:45]} Rb2+ {[%emt 0:00:00]} 53. Kf1 {[%emt 0:00:15]} Kd3 {[%emt 0:00:00]} 54. Rxg6 {[%emt 0:04:47]} Rb1+ {[%emt 0:00:00]} 55. Kf2 {[%emt 0:00:04]} e3+ 0-1

[Event "ESTCC U65 2018"]
[Site "Walbrzych"]
[Date "2018.04.16"]
[Round "3"]
[White "Lindholm, Pertti"]
[Black "Rintakoski, Pentti"]
[Result "1/2-1/2"]
[WhiteElo "1624"]
[BlackElo "1797"]
[Annotator "NA RC"]
[PlyCount "46"]
[EventDate "2018.??.??"]
[EventCountry "POL"]
[SourceTitle "playchess.com"]
[Source "ChessBase"]
[SourceQuality "1"]
[WhiteTeam "Finland"]
[BlackTeam "Finland"]
[WhiteTeamCountry "FIN"]
[BlackTeamCountry "FIN"]
[TimeControl "40/5400+30:1800+30"]

1. d4 {[%emt 0:02:35]} e6 {[%emt 0:00:11]} 2. Nf3 {[%emt 0:00:30]} Nf6 {[%emt 0:00:30]} 3. Nc3 {[%emt 0:00:48]} d5 {[%emt 0:00:36]} 4. Bf4 a6 5. e3 {[%emt 0:01:40]} Nbd7 {[%emt 0:00:55]} 6. Bd3 {[%emt 0:00:44]} c5 {[%emt 0:00:41]} 7. dxc5 {[%emt 0:02:32]} Nxc5 {[%emt 0:00:26]} 8. Be2 {[%emt 0:00:40]} Nce4 {[%emt 0:01:08]} 9. Nxe4 {[%emt 0:00:57]} Nxe4 {[%emt 0:00:11]} 10. O-O {[%emt 0:00:56]} Be7 {[%emt 0:00:13]} 11. c4 {[%emt 0:01:19]} Bf6 {[%emt 0:00:41]} 12. Qc2 {[%emt 0:01:13]} Qb6 {[%emt 0:01:13]} 13. Rab1 {[%emt 0:01:06]} O-O {[%emt 0:00:25]} 14. cxd5 {[%emt 0:01:24]} exd5 {[%emt 0:00:17]} 15. Bc7 {[%emt 0:02:01]} Qc6 {[%emt 0:01:06]} 16. Rfc1 {[%emt 0:01:17]} Qxc2 {[%emt 0:00:55]} 17. Rxc2 {[%emt 0:00:03]} Be6 {[%emt 0:00:48]} 18. Nd4 {[%emt 0:01:13]} Bxd4 {[%emt 0:00:42]} 19. exd4 {[%emt 0:04:34]} Nf6 {[%emt 0:01:13]} 20. Rbc1 {[%emt 0:01:30]} Rfc8 {[%emt 0:01:03]} 21. f3 {[%emt 0:02:13]} h6 {[%emt 0:00:29]} 22. Be5 {[%emt 0:01:57]} Rxc2 {[%emt 0:00:40]} 23. Rxc2 {[%emt 0:00:03]} Rc8 {[%emt 0:01:14]} 1/2-1/2

[Event "ESTCC U65 2018"]
[Site "Walbrzych"]
[Date "2018.04.17"]
[Round "4"]
[White "Zhelnin, Vladimir V"]
[Black "Giulian, Philip M"]
[Result "1/2-1/2"]
[WhiteElo "2458"]
[BlackElo "2124"]
[Annotator "TA"]
[PlyCount "100"]
[EventDate "2018.??.??"]
[EventCountry "POL"]
[SourceTitle "playchess.com"]
[Source "ChessBase"]
[SourceQuality "1"]
[WhiteTeam "Russia"]
[BlackTeam "Scotland"]
[WhiteTeamCountry "RUS"]
[BlackTeamCountry "SCO"]

{[%evp 18,100,-11,-25,-6,-25,-22,-28,-20,-37,19,-13,20,32,25,-40,5,-25,-16,-18,-20,-25,-25,-25,-25,-22,-21,-37,-48,-48,-48,-47,-48,-58,-61,-75,0,-141,-122,-137,-122,-125,-59,-60,-52,-46,-43,-66,-68,-45,-27,-122,-41,-41,-41,-41,-40,-40,-44,-42,-40,-47,-41,-59,-46,-59,0,-41,0,-60,-59,-112,-59,-85,-59,-66,-59,-59,-59,-59,0,-66,0,-59,0]} 1. e4 {[%cal Be2e4,Be4e5][%mdl 32]} c6 2. Nc3 d5 3. Nf3 Nf6 4. e5 Ne4 5. Qe2 Nxc3 6. dxc3 {B11: Caro-Kann: Two Knights Variation} Bg4 7. h3 Bxf3 8. Qxf3 e6 9. Bf4 Nd7 10. O-O-O {LiveBook: 3 Games} Be7 $146 ({Predecessor:} 10... b5 11. h4 h5 12. g4 hxg4 13. Qxg4 {1-0 (48) Nepomniachtchi,I (2703)-Karpov,A (2616) Moscow 2013}) 11. Kb1 Qc7 12. Re1 b5 13. h4 h5 (13... O-O $15) 14. Rh3 Nc5 15. g4 g6 16. Bg2 (16. Be2 $11) 16... O-O-O 17. g5 Nd7 18. Qe2 Kb8 19. Rf3 Rhf8 20. Bc1 Bc5 21. Rf4 Nb6 22. b3 Rd7 23. Bb2 Rc8 24. Rf3 Bf8 25. Bf1 a6 {[%cal Ba7a6,Ba6b5][%mdl 32]} 26. a4 Kb7 (26... bxa4 $17 {And now ...Nc4! would win.} 27. Qxa6 Qd8) 27. axb5 (27. a5 $11 Na8 28. b4) 27... axb5 $17 28. Rf4 Ra8 29. Qe3 {[#]} Ba3 (29... Kb8 $1 $17 30. Bg2 Ra5) 30. Bxa3 $15 Rxa3 31. Kb2 Ra8 32. Ra1 Rxa1 33. Kxa1 Re7 34. Rd4 (34. Qc5 $1 $11) 34... c5 ({Better is} 34... Re8 $17 35. Kb1 Nd7) 35. Rd1 c4 36. Kb2 Re8 37. Ra1 Ra8 38. Rxa8 Kxa8 39. Qf4 Qe7 40. Be2 Nd7 41. Qd4 Qc5 (41... Kb7 $15) 42. Qf4 Qe7 43. Bd1 (43. Qd4 $11) 43... Kb7 44. Kc1 (44. Qe3 $15) 44... Kc7 (44... Nb8 $17) 45. Kd2 Kd8 46. b4 Ke8 47. Qd4 Qd8 $1 48. f4 Qb6 (48... Qb8 $15) 49. Ke3 (49. Qxb6 $11 Nxb6 50. Ke3) 49... Kd8 ({Black should play} 49... Qc7 $15) 50. Bf3 (50. Qxb6+ $11 Nxb6 51. Kd4) 50... Kc7 {Precision: White = 34%, Black = 49%.} (50... Qb7 $15) 1/2-1/2

[Event "ESTCC U65 2018"]
[Site "Walbrzych"]
[Date "2018.04.17"]
[Round "4"]
[White "Westerinen, Heikki M J"]
[Black "Just, Joachim"]
[Result "1-0"]
[WhiteElo "2308"]
[BlackElo "1928"]
[Annotator "NA"]
[PlyCount "81"]
[EventDate "2018.??.??"]
[EventCountry "POL"]
[SourceTitle "playchess.com"]
[Source "ChessBase"]
[SourceQuality "1"]
[WhiteTeam "Finland"]
[BlackTeam "Germany"]
[WhiteTeamCountry "FIN"]
[BlackTeamCountry "GER"]
[TimeControl "40/5400+30:1800+30"]

1. e4 {[%emt 0:00:00]} e6 {[%emt 0:00:15]} 2. d4 {[%emt 0:00:00]} d5 {[%emt 0:00:05]} 3. Nd2 {[%emt 0:00:11]} dxe4 {[%emt 0:00:33]} 4. Nxe4 {[%emt 0:00:18]} Nd7 {[%emt 0:00:25]} 5. Bd3 {[%emt 0:05:29]} Ngf6 {[%emt 0:00:48]} 6. Qe2 {[%emt 0:00:29]} Nxe4 {[%emt 0:01:57]} 7. Bxe4 {[%emt 0:00:10]} Nf6 {[%emt 0:01:12] LiveBook: 18 Games} 8. Bxb7 {[%emt 0:01:34] C10: French with 3 Nc3: Unusual Black 3rd moves and 3...dxe4} Bxb7 {[%emt 0:03:09]} 9. Qb5+ {[%emt 0:00:11]} Nd7 {[%emt 0:01:41]} 10. Qxb7 {[%emt 0:00:19]} Bd6 {[%emt 0:00:29]} 11. Nf3 {[%emt 0:02:10]} O-O {[%emt 0:00:34]} 12. O-O {[%emt 0:00:44]} a5 {[%emt 0:02:42]} 13. Qe4 $146 {[%emt 0:06:14]} ({Predecessor:} 13. a4 Rb8 14. Qa6 Ra8 15. Qe2 c5 16. dxc5 Nxc5 {½-½ (93) Belyakov,B (2486)-Timofeev,A (2549) Sochi 2017}) 13... Nf6 {[%emt 0:02:54]} 14. Qe2 {[%emt 0:00:55]} Qb8 {[%emt 0:04:37]} 15. c4 {[%emt 0:05:07]} c5 {[%emt 0:04:50]} 16. dxc5 {[%emt 0:04:51]} Bxc5 {[%emt 0:00:18]} 17. Bg5 {[%emt 0:02:22]} Nd7 {[%emt 0:04:43]} 18. Rad1 {[%emt 0:01:43]} Qc7 {[%emt 0:05:27]} 19. Nd4 {[%emt 0:08:12]} Bxd4 {[%emt 0:04:22]} 20. Rxd4 {[%emt 0:00:08]} e5 {[%emt 0:00:31]} 21. Rd2 {[%emt 0:04:51]} Rfe8 {[%emt 0:02:46]} 22. Rfd1 {[%emt 0:03:20]} Nf8 {[%emt 0:01:41]} 23. Be3 {[%emt 0:04:29]} Ra6 {[%emt 0:05:06]} 24. c5 {[%emt 0:05:21]} Rg6 {[%emt 0:01:02]} 25. Rd6 {[%emt 0:01:36]} Rge6 {[%emt 0:08:08]} 26. b3 {[%emt 0:05:27]} R6e7 $18 {[%emt 0:06:35]} 27. Qb5 {[%emt 0:04:44]} Rb8 {[%emt 0:04:26]} 28. Qc6 {[%emt 0:00:57]} Qxc6 {[%emt 0:02:17]} 29. Rxc6 {[%emt 0:00:03]} Ra8 {[%emt 0:01:48]} 30. Rcd6 {[%emt 0:01:46]} Ne6 {[%emt 0:02:37]} 31. c6 {[%emt 0:01:59]} Ree8 {[%emt 0:02:47]} 32. Bb6 {[%emt 0:01:22]} Rac8 {[%emt 0:03:37]} 33. Bxa5 {[%emt 0:01:48]} Nd4 {[%emt 0:00:08]} 34. c7 {[%emt 0:00:40]} Kf8 {[%emt 0:01:12]} 35. Rd7 {[%emt 0:03:51]} Kg8 {[%emt 0:02:48]} 36. b4 {[%emt 0:03:30]} Nc6 {[%emt 0:05:02]} 37. Rd8 {[%emt 0:03:05]} Nd4 {[%emt 0:10:04]} 38. a4 {[%emt 0:02:32]} Kf8 {[%emt 0:00:50]} 39. b5 {[%emt 0:02:19]} Ke7 {[%emt 0:00:56]} 40. Rxc8 {[%emt 0:00:00]} Rxc8 {[%emt 0:00:07]} 41. b6 {[%emt 0:03:50]} 1-0

[Event "ESTCC U65 2018"]
[Site "Walbrzych"]
[Date "2018.04.17"]
[Round "4"]
[White "Pushkov, Nikolai"]
[Black "White, Alastair F"]
[Result "1-0"]
[WhiteElo "2304"]
[BlackElo "2069"]
[Annotator "NA"]
[PlyCount "39"]
[EventDate "2018.??.??"]
[EventCountry "POL"]
[SourceTitle "playchess.com"]
[Source "ChessBase"]
[SourceQuality "1"]
[WhiteTeam "Russia"]
[BlackTeam "Scotland"]
[WhiteTeamCountry "RUS"]
[BlackTeamCountry "SCO"]
[TimeControl "40/5400+30:1800+30"]

1. d4 {[%emt 0:00:00]} d5 {[%emt 0:00:29]} 2. c4 {[%emt 0:00:00]} dxc4 {[%emt 0:00:14]} 3. Nf3 {[%emt 0:00:08]} Nf6 {[%emt 0:00:08]} 4. e3 {[%emt 0:00:09]} e6 {[%emt 0:00:13]} 5. Bxc4 {[%emt 0:00:03]} a6 {[%emt 0:00:23]} 6. a4 {[%emt 0:01:00]} Nbd7 {[%emt 0:04:24]} 7. O-O {[%emt 0:00:53]} c5 {[%emt 0:00:38]} 8. Nc3 {[%emt 0:01:15] LiveBook: 53 Games} b6 {[%emt 0:01:18] D27: Queen's Gambit Accepted: Classical main line: 7 e4!? and 7 a4} (8... cxd4 $14 9. Qxd4 (9. exd4 Bd6 $14) 9... Be7) 9. Qe2 {[%emt 0:04:01]} Qc7 {[%emt 0:05:02]} 10. d5 {[%emt 0:01:34]} e5 {[%emt 0:05:07]} 11. e4 {[%emt 0:00:55]} Bd6 {[%emt 0:00:21]} 12. Nh4 {[%emt 0:01:51]} g6 {[%emt 0:16:42]} 13. Bh6 {[%emt 0:02:04]} Bf8 {[%emt 0:04:58]} 14. Bd2 $146 {[%emt 0:05:37]} ({Predecessor:} 14. Bxf8 Kxf8 15. Qd2 Qd6 16. Qh6+ Kg8 17. h3 {0-1 (48) Richardson,J (2260)-Hansen,L (2570) Copenhagen 1997}) 14... Bg7 {[%emt 0:10:33]} 15. f4 {[%emt 0:01:47]} O-O {[%emt 0:02:03]} 16. f5 {[%emt 0:02:32]} Qd6 {[%emt 0:00:41]} 17. g4 $18 {[%emt 0:00:45]} Re8 {[%emt 0:08:42]} 18. Qf3 {[%emt 0:03:22]} Nf8 {[%emt 0:07:47]} 19. g5 {[%emt 0:01:31]} Nh5 {[%emt 0:00:11]} 20. fxg6 {[%emt 0:00:11]} 1-0

[Event "ESTCC U65 2018"]
[Site "Walbrzych"]
[Date "2018.04.17"]
[Round "4"]
[White "Baum, Bernd"]
[Black "Jorgensen, Brian Jorgen"]
[Result "1-0"]
[WhiteElo "2290"]
[BlackElo "2255"]
[Annotator "NA"]
[PlyCount "99"]
[EventDate "2018.??.??"]
[EventCountry "POL"]
[SourceTitle "playchess.com"]
[Source "ChessBase"]
[SourceQuality "1"]
[WhiteTeam "Germany"]
[BlackTeam "Denmark"]
[WhiteTeamCountry "GER"]
[BlackTeamCountry "DEN"]
[TimeControl "40/5400+30:1800+30"]

1. c4 {[%emt 0:00:00]} f5 {[%emt 0:00:06]} 2. Nf3 {[%emt 0:00:47]} Nf6 {[%emt 0:00:11]} 3. Nc3 {[%emt 0:00:07]} g6 {[%emt 0:00:19]} 4. d3 {[%emt 0:00:13]} d6 {[%emt 0:01:16] A10: English Opening: Unusual Replies for Black} (4... Bg7 5. e4 d6 6. exf5 Bxf5 7. d4 O-O 8. Bd3 Bg4 9. Be2 Nc6 10. d5 Bxf3 11. Bxf3 Ne5 12. Be2 Qd7 {½-½ (36) Matlakov,M (2701)-Cheparinov,I (2689) Caleta 2017}) 5. e4 {[%emt 0:00:14]} e5 {[%emt 0:01:12] LiveBook: 7 Games} 6. Be2 {[%emt 0:00:58]} Bg7 {[%emt 0:00:24]} 7. exf5 {[%emt 0:02:28]} gxf5 {[%emt 0:00:30]} 8. d4 {[%emt 0:01:22]} e4 {[%emt 0:01:53]} (8... Nc6 $11 {keeps the balance.}) 9. Ng5 {[%emt 0:00:37]} O-O {[%emt 0:02:51]} 10. O-O {[%emt 0:00:54]} Nc6 {[%emt 0:04:11]} 11. Be3 $146 {[%emt 0:01:15]} ({Predecessor:} 11. d5 Ne5 12. f4 Ng6 13. Be3 h6 14. Nh3 c5 15. dxc6 bxc6 {½-½ (45) Haria,R (2100)-Eames,R (2232) England 2014}) 11... Ne7 {[%emt 0:05:18]} 12. d5 {[%emt 0:15:35]} Ng6 {[%emt 0:02:32]} 13. Nh3 {[%emt 0:01:54]} Qe7 {[%emt 0:11:25]} 14. Qd2 {[%emt 0:02:41]} Kh8 {[%emt 0:07:11]} 15. Rae1 {[%emt 0:05:01]} Nd7 {[%emt 0:06:15]} 16. Bg5 {[%emt 0:02:11]} Qf7 {[%emt 0:00:55]} 17. f3 {[%emt 0:14:11]} exf3 {[%emt 0:02:23]} 18. Rxf3 {[%emt 0:00:22]} Nde5 {[%emt 0:00:37]} 19. Rff1 {[%emt 0:02:04]} Bd7 {[%emt 0:01:11]} 20. b3 {[%emt 0:03:51]} Qg8 {[%emt 0:03:08]} 21. Bh5 {[%emt 0:12:18]} a6 {[%emt 0:06:19]} 22. a4 {[%emt 0:01:26]} Rab8 {[%emt 0:08:49]} 23. Nf4 {[%emt 0:07:46]} Nxf4 {[%emt 0:06:39]} 24. Rxf4 $11 {[%emt 0:03:09]} Be8 {[%emt 0:07:29]} 25. Bxe8 {[%emt 0:03:25]} Rbxe8 {[%emt 0:00:12]} 26. Ref1 {[%emt 0:01:24]} Nf7 {[%emt 0:08:24]} 27. Bh4 {[%emt 0:03:00]} Nh6 {[%emt 0:00:12]} 28. Ne2 {[%emt 0:01:46]} Be5 {[%emt 0:00:52]} 29. R4f3 {[%emt 0:00:19]} Ng4 {[%emt 0:00:33]} 30. Bg3 {[%emt 0:00:49]} Qg7 {[%emt 0:03:11]} 31. Rxf5 {[%emt 0:01:50]} Rxf5 {[%emt 0:00:20]} 32. Rxf5 {[%emt 0:00:10]} Bxg3 {[%emt 0:01:56]} 33. Nxg3 {[%emt 0:01:44]} Ne3 {[%emt 0:01:59]} 34. Rf3 {[%emt 0:00:35]} Qa1+ {[%emt 0:02:26]} 35. Nf1 {[%emt 0:00:20]} Nxf1 {[%emt 0:00:09]} 36. Rxf1 {[%emt 0:00:11]} Qe5 {[%emt 0:00:07]} 37. Qf2 {[%emt 0:03:46]} Qe3 {[%emt 0:00:51]} 38. Qxe3 {[%emt 0:00:45]} Rxe3 {[%emt 0:00:02]} 39. Rf3 {[%emt 0:00:10]} Re7 {[%emt 0:00:17]} 40. Kf2 {[%emt 0:00:00]} Kg7 {[%emt 0:00:18]} 41. Re3 {[%emt 0:05:53]} Rf7+ {[%emt 0:00:31]} 42. Ke2 {[%emt 0:00:03]} a5 {[%emt 0:00:49]} 43. Kd3 {[%emt 0:06:01]} b6 {[%emt 0:01:49]} 44. Kc3 {[%emt 0:02:30]} Kg6 {[%emt 0:00:36]} 45. Rg3+ {[%emt 0:06:40]} Kh6 {[%emt 0:00:27]} 46. Rg8 {[%emt 0:01:32]} Re7 {[%emt 0:00:21]} 47. Kd2 {[%emt 0:02:16]} Kh5 {[%emt 0:00:19]} 48. Rg3 {[%emt 0:01:22]} Kh4 {[%emt 0:00:59]} 49. Re3 {[%emt 0:00:51]} Rg7 {[%emt 0:00:37]} 50. Rh3+ {[%emt 0:00:20]} 1-0